000 00526nam a2200181 i 4500
001 37609
003 ES-MaACL
005 20230906155617.0
007 t|
008 030221s1958 sp ||||1| spa d
100 1 _aButterfield, Herbert.
_932964
245 1 4 _aLos orígenes de la ciencia moderna /
_cHerbert Butterfield ; [versión española L. Castro].
250 _a1ª ed.
260 _aMadrid :
_bTaurus,
_c[1958]
300 _a333 p. ;
_c21 cm.
700 1 _aCastro, L.
_936875
852 _aES-MaACL
_jC-17578
_bR.45357
999 _c37609
_d37609